Money, Banking, International Trade and Public Finance (Record no. 10819)
[ view plain ]
| 000 -LEADER | |
|---|---|
| fixed length control field | 00381nam a2200145Ia 4500 |
| 008 - FIXED-LENGTH DATA ELEMENTS--GENERAL INFORMATION | |
| fixed length control field | 191201s2011 xx 000 0 und d |
| 082 ## - DEWEY DECIMAL CLASSIFICATION NUMBER | |
| Classification number | 658.1 |
| Item number | MIM |
| 100 ## - MAIN ENTRY--PERSONAL NAME | |
| Personal name | MITHANI, D.M. |
| 245 #0 - TITLE STATEMENT | |
| Title | Money, Banking, International Trade and Public Finance |
| 250 ## - EDITION STATEMENT | |
| Edition statement | 20th Rev |
| 260 ## - PUBLICATION, DISTRIBUTION, ETC. (IMPRINT) | |
| Place of publication, distribution, etc | Mumbai |
| Name of publisher, distributor, etc | Himalaya Pub |
| Date of publication, distribution, etc | 2020 |
| 300 ## - PHYSICAL DESCRIPTION | |
| Extent | 734 |
| 650 ## - SUBJECT ADDED ENTRY--TOPICAL TERM | |
| Topical term or geographic name as entry element | BA Economics |
| 942 ## - ADDED ENTRY ELEMENTS (KOHA) | |
| Source of classification or shelving scheme | Dewey Decimal Classification |
| Koha item type | Text Books |
| 942 ## - ADDED ENTRY ELEMENTS (KOHA) | |
| -- | 15 |
| Withdrawn status | Lost status | Source of classification or shelving scheme | Damaged status | Not for loan | Collection code | Home library | Current library | Date acquired | Source of acquisition | Currency | Cost, normal purchase price | Bill Number | Total Checkouts | Full call number | Acc. no. / Barcode | Date last seen | Actual Cost, discounted price | Bill Date | Koha item type | Date last borrowed |
|---|---|---|---|---|---|---|---|---|---|---|---|---|---|---|---|---|---|---|---|---|
| Dewey Decimal Classification | B.A Economics | PIET NCR College Library | PIET NCR College Library | 24/07/2021 | Kirti Prakashan | IN Rupees | 725.00 | IN2291 | 658.1 MIM | N1738 | 06/08/2021 | 543.75 | 24/07/2021 | Reference Books | ||||||
| Dewey Decimal Classification | B.A Economics | PIET NCR College Library | PIET NCR College Library | 24/07/2021 | Kirti Prakashan | IN Rupees | 725.00 | IN2291 | 2 | 658.1 MIM | N1739 | 08/11/2021 | 543.75 | 24/07/2021 | Text Books | 22/10/2021 | ||||
| Dewey Decimal Classification | B.A Economics | PIET NCR College Library | PIET NCR College Library | 24/07/2021 | Kirti Prakashan | IN Rupees | 725.00 | IN2291 | 8 | 658.1 MIM | N1740 | 11/04/2023 | 543.75 | 24/07/2021 | Text Books | 11/11/2022 | ||||
| Dewey Decimal Classification | B.A Economics | PIET NCR College Library | PIET NCR College Library | 24/07/2021 | Kirti Prakashan | IN Rupees | 725.00 | IN2291 | 3 | 658.1 MIM | N1741 | 10/12/2021 | 543.75 | 24/07/2021 | Text Books | 29/11/2021 | ||||
| Dewey Decimal Classification | B.A Economics | PIET NCR College Library | PIET NCR College Library | 24/07/2021 | Kirti Prakashan | IN Rupees | 725.00 | IN2291 | 1 | 658.1 MIM | N1742 | 18/11/2021 | 543.75 | 24/07/2021 | Text Books | 14/08/2021 | ||||
| Dewey Decimal Classification | B.A Economics | PIET NCR College Library | PIET NCR College Library | 24/07/2021 | Kirti Prakashan | IN Rupees | 725.00 | IN2291 | 1 | 658.1 MIM | N1743 | 09/11/2021 | 543.75 | 24/07/2021 | Text Books | 03/09/2021 |